[Event "FICGS rapid B 000247 email"]
[Site "FICGS email"]
[Date "2016.12.01"]
[Round "1"]
[White "Faust, Dieter"]
[Black "Mamedov, Nikita"]
[Result "1-0"]
[WhiteElo "1826"]
[BlackElo "1781"]
[PlyCount "61"]
[EventDate "2016.??.??"]
[EventType "tourn (rapid)"]
[EventRounds "6"]
[SourceTitle "Corr 2022"]
[Source "ChessBase"]
[SourceDate "2021.10.24"]
[SourceVersion "1"]
[SourceVersionDate "2021.10.24"]
[SourceQuality "1"]

1. c4 Nf6 2. Nc3 e5 3. d3 Bb4 4. a3 Bxc3+ 5. bxc3 b6 6. e4 d6 7. f4 0-0 8. Nf3 Bb7 9. Be2 Re8 10. 0-0 Na6 11. h3 Nc5 12. Nh2 Qe7 13. fxe5 dxe5 14. Bg5 Ncxe4 15. dxe4 Qc5+ 16. Kh1 Nxe4 17. Bh4 Nxc3 18. Qd7 f6 19. Ng4 Qe7 20. Qd2 Ne4 21. Qe1 h5 22. Ne3 g5 23. Bg3 Nxg3+ 24. Qxg3 h4 25. Qg4 Rf8 26. Nf5 Qh7 27. Rad1 Bc6 28. Bf3 Bxf3 29. Qxf3 Rad8 30. Rxd8 Rxd8 31. Nxh4 1-0

[Event "FICGS rapid B 000199 email"]
[Site "FICGS email"]
[Date "2012.09.03"]
[Round "1"]
[White "Mamedov, Nikita"]
[Black "Ropokis, Dimitrios"]
[Result "1-0"]
[WhiteElo "1677"]
[BlackElo "1766"]
[PlyCount "23"]
[EventDate "2012.??.??"]
[EventType "tourn (rapid)"]
[EventRounds "6"]
[SourceTitle "Corr 2022"]
[Source "ChessBase"]
[SourceDate "2021.10.24"]
[SourceVersion "1"]
[SourceVersionDate "2021.10.24"]
[SourceQuality "1"]

1. d4 Nf6 2. c4 e5 3. dxe5 Ne4 4. Nf3 Nc6 5. a3 Bc5 6. e3 f6 7. Bd3 Ng5 8. Nxg5 fxg5 9. Qh5+ Kf8 10. 0-0 Nxe5 11. f4 g6 12. Qh6+ 1-0

[Event "FICGS class C 000192 email"]
[Site "FICGS email"]
[Date "2012.08.31"]
[Round "1"]
[White "Mamedov, Nikita"]
[Black "Ropokis, Dimitrios"]
[Result "0-1"]
[WhiteElo "1710"]
[BlackElo "1766"]
[PlyCount "68"]
[EventDate "2012.??.??"]
[EventType "tourn (corr)"]
[EventRounds "4"]
[SourceTitle "Corr 2022"]
[Source "ChessBase"]
[SourceDate "2021.10.24"]
[SourceVersion "1"]
[SourceVersionDate "2021.10.24"]
[SourceQuality "1"]

1. e4 c5 2. Nf3 g6 3. d4 Bg7 4. Nc3 cxd4 5. Nxd4 Nc6 6. Be3 d6 7. Be2 Nf6 8. 0-0 0-0 9. Nb3 Be6 10. f4 a6 11. Nd4 Bd7 12. Bf3 Nxd4 13. Bxd4 b5 14. e5 dxe5 15. fxe5 Ne8 16. Bxa8 Qxa8 17. Bc5 Bc6 18. Rf2 Qb8 19. Bxe7 Bxe5 20. h3 Nc7 21. Bxf8 Qxf8 22. Qd3 Ne6 23. Rd1 Bd4 24. Qg3 Qe7 25. Rxd4 Nxd4 26. a3 h5 27. Qf4 Nf5 28. Re2 Qd8 29. Qe5 Nd4 30. Rf2 Nf5 31. Qc5 Bb7 32. Qa7 Qc8 33. Qb6 Qd7 34. Qa7 Kg7 0-1

[Event "FICGS rapid C 000106 email"]
[Site "FICGS email"]
[Date "2012.05.14"]
[Round "1"]
[White "Mamedov, Nikita"]
[Black "Dautovic, Dzenan"]
[Result "0-1"]
[WhiteElo "1710"]
[BlackElo "1545"]
[PlyCount "76"]
[EventDate "2012.??.??"]
[EventType "tourn (rapid)"]
[EventRounds "4"]
[SourceTitle "Corr 2022"]
[Source "ChessBase"]
[SourceDate "2021.10.24"]
[SourceVersion "1"]
[SourceVersionDate "2021.10.24"]
[SourceQuality "1"]

1. d4 d5 2. c4 Nc6 3. cxd5 Qxd5 4. Nf3 e5 5. Nc3 Bb4 6. Bd2 Bxc3 7. Bxc3 e4 8. Nd2 Nf6 9. e3 0-0 10. Qb3 Qf5 11. h3 h5 12. Qb5 Nd5 13. g4 Qe6 14. gxh5 a6 15. Qb3 b5 16. a3 f5 17. Rg1 Rf6 18. Rg5 Qf7 19. Nxe4 Be6 20. Nxf6+ Nxf6 21. Qc2 Ne4 22. Rg1 Bb3 23. Qe2 Re8 24. h6 g6 25. h4 Kh7 26. Qf3 Bd5 27. Qf4 Nd8 28. Bd3 Ne6 29. Qh2 c5 30. 0-0-0 cxd4 31. Bxd4 Nxd4 32. exd4 b4 33. axb4 Qd7 34. h5 Rc8+ 35. Kb1 Ba2+ 36. Ka1 Qa4 37. hxg6+ Kg8 38. h7+ Kf8 0-1

[Event "FICGS rapid C 000106 email"]
[Site "FICGS email"]
[Date "2012.05.14"]
[Round "1"]
[White "Zak, Andrzej"]
[Black "Mamedov, Nikita"]
[Result "0-1"]
[WhiteElo "1600"]
[BlackElo "1710"]
[PlyCount "58"]
[EventDate "2012.??.??"]
[EventType "tourn (rapid)"]
[EventRounds "4"]
[SourceTitle "Corr 2022"]
[Source "ChessBase"]
[SourceDate "2021.10.24"]
[SourceVersion "1"]
[SourceVersionDate "2021.10.24"]
[SourceQuality "1"]

1. d4 Nf6 2. c4 e6 3. Nf3 Bb4+ 4. Nc3 c5 5. e3 0-0 6. a3 Bxc3+ 7. bxc3 b6 8. g3 Nc6 9. d5 Na5 10. Bd3 Ba6 11. Ne5 exd5 12. cxd5 Bxd3 13. Qxd3 Re8 14. Nf3 c4 15. Qd1 Nb3 16. Rb1 Qe7 17. 0-0 Qe4 18. Bb2 Nxd5 19. Nd2 Nxd2 20. Qxd2 Nf6 21. Rbd1 d5 22. Qe2 Qe5 23. Rd4 Rad8 24. Rfd1 Ne4 25. Qg4 Rd6 26. f4 Qe7 27. Qf3 Qd7 28. Qg2 Qg4 29. Rxd5 Qxd1+ 0-1

[Event "FICGS class C 000188 email"]
[Site "FICGS email"]
[Date "2012.04.05"]
[Round "1"]
[White "Krakovsky, Peter"]
[Black "Mamedov, Nikita"]
[Result "1-0"]
[WhiteElo "1730"]
[BlackElo "1680"]
[PlyCount "35"]
[EventDate "2012.??.??"]
[EventType "tourn (corr)"]
[EventRounds "4"]
[SourceTitle "Corr 2022"]
[Source "ChessBase"]
[SourceDate "2021.10.24"]
[SourceVersion "1"]
[SourceVersionDate "2021.10.24"]
[SourceQuality "1"]

1. e4 c5 2. Nf3 d6 3. d4 cxd4 4. Nxd4 Nf6 5. Nc3 a6 6. Be3 e5 7. Nf3 Be7 8. Bc4 0-0 9. 0-0 Nc6 10. Re1 Na5 11. Bf1 Bg4 12. h3 Be6 13. b3 b5 14. Nd5 Bxd5 15. exd5 Qc7 16. Rc1 Rab8 17. Bd2 Rfe8 18. c4 1-0

[Event "FICGS class C 000188 email"]
[Site "FICGS email"]
[Date "2012.04.05"]
[Round "1"]
[White "Mamedov, Nikita"]
[Black "Pinkall Pollei, Rich"]
[Result "0-1"]
[WhiteElo "1680"]
[BlackElo "1766"]
[PlyCount "48"]
[EventDate "2012.??.??"]
[EventType "tourn (corr)"]
[EventRounds "4"]
[SourceTitle "Corr 2022"]
[Source "ChessBase"]
[SourceDate "2021.10.24"]
[SourceVersion "1"]
[SourceVersionDate "2021.10.24"]
[SourceQuality "1"]

1. e4 c5 2. Nf3 e6 3. d4 cxd4 4. Nxd4 a6 5. Nc3 b5 6. Bd3 Bb7 7. 0-0 Nc6 8. Nxc6 Bxc6 9. Qe2 Bc5 10. Rd1 Ne7 11. e5 Bd4 12. Bxb5 Bxf2+ 13. Qxf2 axb5 14. Bg5 h6 15. Be3 Qb8 16. Bd4 b4 17. Ne2 Nf5 18. Nf4 0-0 19. Bc5 Rc8 20. g4 Nh4 21. Qxh4 Qxe5 22. Qf2 Qe4 23. Qg3 Bb7 24. Re1 Qc6 0-1

[Event "FICGS rapid C 000103 email"]
[Site "FICGS email"]
[Date "2011.12.15"]
[Round "1"]
[White "Huggins, Jimmy"]
[Black "Mamedov, Nikita"]
[Result "0-1"]
[WhiteElo "1577"]
[BlackElo "1685"]
[PlyCount "24"]
[EventDate "2011.??.??"]
[EventType "tourn (rapid)"]
[EventRounds "4"]
[SourceTitle "Corr 2022"]
[Source "ChessBase"]
[SourceDate "2021.10.24"]
[SourceVersion "1"]
[SourceVersionDate "2021.10.24"]
[SourceQuality "1"]

1. e4 e5 2. Nf3 Nf6 3. d4 Nxe4 4. Bd3 d5 5. Nxe5 Nd7 6. Qe2 Nxe5 7. Bxe4 dxe4 8. Qxe4 Be6 9. Qxe5 Qd7 10. 0-0 Bd6 11. Qe2 0-0 12. Be3 f5 0-1

[Event "FICGS class C 000184 email"]
[Site "FICGS email"]
[Date "2011.12.04"]
[Round "1"]
[White "Holes, Michal"]
[Black "Mamedov, Nikita"]
[Result "1-0"]
[WhiteElo "1619"]
[BlackElo "1685"]
[PlyCount "61"]
[EventDate "2011.??.??"]
[EventType "tourn (corr)"]
[SourceTitle "Corr 2022"]
[Source "ChessBase"]
[SourceDate "2021.10.24"]
[SourceVersion "1"]
[SourceVersionDate "2021.10.24"]
[SourceQuality "1"]

1. d4 Nf6 2. c4 e6 3. Nc3 d5 4. Bg5 Be7 5. e3 0-0 6. Nf3 h6 7. Bh4 Nbd7 8. Rc1 c6 9. Bd3 b6 10. cxd5 cxd5 11. 0-0 Bb7 12. h3 Ne4 13. Bxe7 Qxe7 14. Nb5 a6 15. Nc7 Rac8 16. Nxa6 Ra8 17. Qe2 Bxa6 18. Bxa6 Nb8 19. Bd3 Rxa2 20. Bxe4 dxe4 21. Ne5 Qd6 22. Qc2 Qd5 23. Qc7 Rxb2 24. Qe7 Qd8 25. Qa7 Qf6 26. Rc7 Rb5 27. Rb7 Rxe5 28. dxe5 Qxe5 29. Rxb6 Rd8 30. Rfb1 Qc5 31. R1b5 1-0

[Event "FICGS rapid B 000165 email"]
[Site "FICGS email"]
[Date "2010.11.19"]
[Round "1"]
[White "Jabot, Daniel"]
[Black "Mamedov, Nikita"]
[Result "1-0"]
[WhiteElo "1700"]
[BlackElo "1868"]
[PlyCount "45"]
[EventDate "2010.??.??"]
[EventType "tourn (rapid)"]
[EventRounds "6"]
[SourceTitle "Corr 2013"]
[Source "ChessBase"]
[SourceDate "2012.11.12"]
[SourceVersion "1"]
[SourceVersionDate "2012.11.12"]
[SourceQuality "1"]

1. e4 c5 2. Nf3 d6 3. d4 cxd4 4. Nxd4 Nf6 5. Nc3 a6 6. Bg5 e6 7. f4 Be7 8. Qf3 Qc7 9. 0-0-0 Nbd7 10. Bd3 h6 11. Bh4 g5 12. fxg5 Ne5 13. Qe2 Nfg4 14. Nf3 hxg5 15. Bg3 b5 16. Rdf1 b4 17. Nxe5 Nxe5 18. Bxe5 dxe5 19. Nd1 Bb7 20. Ne3 f6 21. Ng4 Rf8 22. Rf2 a5 23. Bb5+ 1-0

[Event "FICGS rapid B 000165 email"]
[Site "FICGS email"]
[Date "2010.11.19"]
[Round "1"]
[White "Mamedov, Nikita"]
[Black "Andrucis, Maris"]
[Result "0-1"]
[WhiteElo "1868"]
[BlackElo "1826"]
[PlyCount "52"]
[EventDate "2010.??.??"]
[EventType "tourn (rapid)"]
[EventRounds "6"]
[SourceTitle "Corr 2013"]
[Source "ChessBase"]
[SourceDate "2012.11.12"]
[SourceVersion "1"]
[SourceVersionDate "2012.11.12"]
[SourceQuality "1"]

1. d4 Nf6 2. c4 e6 3. Nf3 Nc6 4. Nc3 d5 5. e3 Be7 6. cxd5 exd5 7. Be2 0-0 8. 0-0 Bd6 9. Bd2 Re8 10. a3 Bf5 11. Nh4 Be6 12. Qc2 Ne4 13. Nf3 Nxd2 14. Nxd2 a6 15. f4 g6 16. Nf3 Ne7 17. Qd2 c6 18. e4 dxe4 19. Nxe4 Nf5 20. Nxd6 Qxd6 21. g4 Ng7 22. Ng5 Bd5 23. f5 gxf5 24. gxf5 f6 25. Bd3 Kh8 26. Nf3 Nh5 0-1

[Event "FICGS rapid B 000165 email"]
[Site "FICGS email"]
[Date "2010.11.19"]
[Round "1"]
[White "Mamedov, Nikita"]
[Black "Ropokis, Dimitrios"]
[Result "0-1"]
[WhiteElo "1868"]
[BlackElo "1848"]
[PlyCount "62"]
[EventDate "2010.??.??"]
[EventType "tourn (rapid)"]
[EventRounds "6"]
[SourceTitle "Corr 2013"]
[Source "ChessBase"]
[SourceDate "2012.11.12"]
[SourceVersion "1"]
[SourceVersionDate "2012.11.12"]
[SourceQuality "1"]

1. d4 Nf6 2. c4 e5 3. dxe5 Ne4 4. Nf3 Nc6 5. a3 Be7 6. b4 d6 7. Qd5 Bf5 8. Bb2 dxe5 9. g4 Bg6 10. Bg2 Nf6 11. Qxd8+ Rxd8 12. g5 Nd7 13. h4 h6 14. gxh6 Rxh6 15. b5 Na5 16. Nbd2 Kf8 17. Bc3 b6 18. Bb4 c5 19. Bxa5 bxa5 20. 0-0-0 Rh5 21. Nb3 a4 22. Na5 Nb6 23. Rxd8+ Bxd8 24. e3 e4 25. Ng5 Bxg5 26. hxg5 Rxg5 27. Nc6 f6 28. Bf1 Bh5 29. Kc2 Kg8 30. Rh4 f5 31. Ne5 g6 0-1

[Event "FICGS class B 000115 email"]
[Site "FICGS email"]
[Date "2010.07.07"]
[Round "1"]
[White "Comes Dumoulin, Ruben Marcelo"]
[Black "Mamedov, Nikita"]
[Result "1-0"]
[WhiteElo "1800"]
[BlackElo "1800"]
[PlyCount "57"]
[EventDate "2010.??.??"]
[EventType "tourn (corr)"]
[EventRounds "5"]
[SourceTitle "Corr 2013"]
[Source "ChessBase"]
[SourceDate "2012.11.12"]
[SourceVersion "1"]
[SourceVersionDate "2012.11.12"]
[SourceQuality "1"]

1. e4 c5 2. Nf3 d6 3. d4 cxd4 4. Nxd4 Nf6 5. Nc3 a6 6. f3 e5 7. Nb3 Be6 8. Be3 Nbd7 9. g4 Be7 10. Qd2 h6 11. 0-0-0 b5 12. h4 Nb6 13. Qf2 Nfd7 14. Kb1 Nc4 15. Bc1 Rc8 16. Bxc4 bxc4 17. Nd2 h5 18. gxh5 Rxh5 19. Nf1 g6 20. Ng3 Rxh4 21. Rxh4 Bxh4 22. Rxd6 a5 23. Qh2 Qe7 24. Rd1 Rb8 25. Nf1 Bf6 26. Ne3 a4 27. Ncd5 Bxd5 28. Nxd5 Qd6 29. Qh6 1-0

[Event "FICGS class B 000115 email"]
[Site "FICGS email"]
[Date "2010.07.07"]
[Round "1"]
[White "Mamedov, Nikita"]
[Black "Migliorini, Roberto"]
[Result "0-1"]
[WhiteElo "1800"]
[BlackElo "1947"]
[PlyCount "92"]
[EventDate "2010.??.??"]
[EventType "tourn (corr)"]
[EventRounds "5"]
[SourceTitle "Corr 2013"]
[Source "ChessBase"]
[SourceDate "2012.11.12"]
[SourceVersion "1"]
[SourceVersionDate "2012.11.12"]
[SourceQuality "1"]

1. e4 c5 2. Nf3 e6 3. d4 cxd4 4. Nxd4 Nc6 5. Nc3 a6 6. Nxc6 bxc6 7. Bd3 d5 8. 0-0 Bd6 9. Re1 Ne7 10. Qg4 0-0 11. e5 f5 12. Qh4 Bc7 13. Bg5 Rf7 14. Rad1 Qf8 15. Bxe7 Qxe7 16. Qxe7 Rxe7 17. Na4 g5 18. c3 g4 19. g3 Rf7 20. h4 gxh3 21. f4 Bb8 22. Kh2 Ba7 23. c4 Rg7 24. Kxh3 Rb8 25. b3 Rb4 26. cxd5 exd5 27. e6 Kf8 28. Re2 Rd4 29. Nb2 Ke7 30. Rde1 Bb8 31. Bxf5 Bxf4 32. gxf4 Rxf4 33. Re5 Rf3+ 34. Kh4 Kf6 35. Nd3 Rxf5 36. Rxf5+ Kxf5 37. e7 Bd7 38. Re5+ Kf6 39. e8Q Bxe8 40. Rxe8 Rg2 41. Nb4 a5 42. Nxc6 Rh2+ 43. Kg3 Rxa2 44. Ra8 Ra3 45. Nxa5 Kf5 46. Kf2 h5 0-1

[Event "FICGS class B 000115 email"]
[Site "FICGS email"]
[Date "2010.07.07"]
[Round "1"]
[White "Ruzin, Mikhail"]
[Black "Mamedov, Nikita"]
[Result "0-1"]
[WhiteElo "1867"]
[BlackElo "1800"]
[PlyCount "36"]
[EventDate "2010.??.??"]
[EventType "tourn (corr)"]
[EventRounds "5"]
[SourceTitle "Corr 2013"]
[Source "ChessBase"]
[SourceDate "2012.11.12"]
[SourceVersion "1"]
[SourceVersionDate "2012.11.12"]
[SourceQuality "1"]

1. d4 Nf6 2. c4 e6 3. Nc3 Bb4 4. Qc2 0-0 5. Bd2 d5 6. e3 c5 7. a3 Bxc3 8. Bxc3 cxd4 9. Bxd4 Nc6 10. Bc3 Ne4 11. Nf3 Nxc3 12. Qxc3 Bd7 13. Rd1 Rc8 14. cxd5 Ne7 15. Qd2 Nxd5 16. e4 Ba4 17. Rc1 Rxc1+ 18. Qxc1 Nf4 0-1

[Event "FICGS W-ch st1 g02 email"]
[Site "FICGS email"]
[Date "2010.07.02"]
[Round "1"]
[White "Blinchevsky, Alexander"]
[Black "Mamedov, Nikita"]
[Result "1-0"]
[WhiteElo "2229"]
[BlackElo "1800"]
[PlyCount "41"]
[EventDate "2010.??.??"]
[EventType "tourn (corr)"]
[EventRounds "6"]
[SourceTitle "Corr 2013"]
[Source "ChessBase"]
[SourceDate "2012.11.12"]
[SourceVersion "1"]
[SourceVersionDate "2012.11.12"]
[SourceQuality "1"]

1. d4 Nf6 2. c4 e6 3. Nf3 b6 4. g3 Bb7 5. Bg2 Be7 6. Nc3 0-0 7. Qc2 c5 8. d5 exd5 9. cxd5 d6 10. 0-0 Na6 11. e4 Nb4 12. Qb1 Ba6 13. Rd1 c4 14. b3 Nd3 15. bxc4 Nxc1 16. Nd4 Bxc4 17. Nc6 Qd7 18. Qxc1 Rac8 19. Rd4 Rxc6 20. dxc6 Qxc6 21. e5 1-0

[Event "FICGS class C 000150 email"]
[Site "FICGS email"]
[Date "2010.07.01"]
[Round "1"]
[White "Mamedov, Nikita"]
[Black "Moreno, Ciro Angel"]
[Result "0-1"]
[WhiteElo "1800"]
[BlackElo "1747"]
[PlyCount "44"]
[EventDate "2010.??.??"]
[EventType "tourn (corr)"]
[EventRounds "5"]
[SourceTitle "Corr 2013"]
[Source "ChessBase"]
[SourceDate "2012.11.12"]
[SourceVersion "1"]
[SourceVersionDate "2012.11.12"]
[SourceQuality "1"]

1. e4 e5 2. Nf3 Nf6 3. Nxe5 d6 4. Nf3 Nxe4 5. d4 d5 6. Bd3 Bd6 7. 0-0 0-0 8. c4 Nf6 9. c5 Be7 10. Nc3 b6 11. cxb6 axb6 12. Bf4 c5 13. dxc5 bxc5 14. Re1 c4 15. Bc2 Bb7 16. Qd2 Bb4 17. a3 Ba5 18. Rad1 Re8 19. Rxe8+ Qxe8 20. Re1 Qf8 21. Nd4 Nbd7 22. Nf5 Re8 0-1

[Event "FICGS rapid B 000154 email"]
[Site "FICGS email"]
[Date "2010.06.30"]
[Round "1"]
[White "Comes Dumoulin, Ruben Marcelo"]
[Black "Mamedov, Nikita"]
[Result "1-0"]
[WhiteElo "1800"]
[BlackElo "1800"]
[PlyCount "55"]
[EventDate "2010.??.??"]
[EventType "tourn (rapid)"]
[EventRounds "5"]
[SourceTitle "Corr 2013"]
[Source "ChessBase"]
[SourceDate "2012.11.12"]
[SourceVersion "1"]
[SourceVersionDate "2012.11.12"]
[SourceQuality "1"]

1. e4 c5 2. Nf3 d6 3. d4 cxd4 4. Nxd4 Nf6 5. Nc3 a6 6. Be2 e5 7. Nb3 Be7 8. Bg5 Be6 9. Bxf6 Bxf6 10. Qd3 Nc6 11. 0-0-0 Nd4 12. Nxd4 exd4 13. Nd5 Bxd5 14. exd5 0-0 15. Kb1 Rc8 16. Qf3 Re8 17. Bd3 Rc5 18. g3 Re5 19. h4 Rcxd5 20. g4 Qc7 21. g5 Bd8 22. c3 Qb6 23. b3 Ra5 24. cxd4 Re7 25. g6 hxg6 26. h5 gxh5 27. Rxh5 g6 28. Rh6 1-0